[Event "SVK-chT2B 2223"]
[Site "Slovakia"]
[Date "2023.01.15"]
[Round "7.1"]
[White "Szegi, Tamas"]
[Black "Nemeth, Eugen"]
[Result "1-0"]
[WhiteElo "2221"]
[BlackElo "2042"]
[PlyCount "79"]
[EventDate "2022.10.08"]
[EventType "team-tourn"]
[EventRounds "11"]
[EventCountry "SVK"]
[SourceTitle "EXT 2024"]
[Source "ChessBase"]
[SourceDate "2023.10.10"]
[SourceVersion "1"]
[SourceVersionDate "2023.10.10"]
[SourceQuality "1"]
[WhiteTeam "Batorove Kosihy"]
[BlackTeam "Nove Zamky"]
[WhiteTeamCountry "SVK"]
[BlackTeamCountry "SVK"]

1. e4 c5 2. c3 Nf6 3. e5 Nd5 4. d4 cxd4 5. Nf3 d6 6. exd6 Qxd6 7. Nxd4 Nc6 8. Be2 Nxd4 9. Qxd4 Bd7 10. Na3 e5 11. Qd1 Nf4 12. Bxf4 Qxd1+ 13. Rxd1 exf4 14. Nb5 Rc8 15. Rxd7 Kxd7 16. Bg4+ Kd8 17. Bxc8 Kxc8 18. Nxa7+ Kc7 19. Nb5+ Kc6 20. Nd4+ Kd5 21. Ke2 Bd6 22. Kd3 Re8 23. c4+ Kc5 24. b4+ Kxb4 25. Rb1+ Ka5 26. Rxb7 Be5 27. Rb5+ Ka6 28. Nb3 Rd8+ 29. Rd5 Rxd5+ 30. cxd5 Kb5 31. Ke4 f6 32. Nc1 g5 33. f3 h5 34. Nd3 Bc3 35. h4 Kc4 36. d6 f5+ 37. Kxf5 Kxd3 38. d7 Ba5 39. hxg5 Ke3 40. g6 1-0

[Event "SVK-chT2B 2223"]
[Site "Slovakia"]
[Date "2022.11.12"]
[Round "3.4"]
[White "Rakovsky, Jakub"]
[Black "Nemeth, Eugen"]
[Result "1/2-1/2"]
[WhiteElo "1898"]
[BlackElo "2042"]
[PlyCount "70"]
[EventDate "2022.10.08"]
[EventType "team-tourn"]
[EventRounds "11"]
[EventCountry "SVK"]
[SourceTitle "EXT 2024"]
[Source "ChessBase"]
[SourceDate "2023.10.10"]
[SourceVersion "1"]
[SourceVersionDate "2023.10.10"]
[SourceQuality "1"]
[WhiteTeam "Tlmace"]
[BlackTeam "Nove Zamky"]
[WhiteTeamCountry "SVK"]
[BlackTeamCountry "SVK"]

1. e4 c5 2. Nf3 Nc6 3. d4 cxd4 4. Nxd4 g6 5. Nc3 Bg7 6. Be3 Nf6 7. f3 0-0 8. Qd2 d5 9. exd5 Nxd5 10. Nxc6 bxc6 11. Nxd5 cxd5 12. 0-0-0 e6 13. h4 Rb8 14. Bd4 Bxd4 15. Qxd4 Qb6 16. h5 Qxd4 17. Rxd4 Bd7 18. Bd3 Rfc8 19. hxg6 hxg6 20. Rdh4 Kg7 21. Rh7+ Kf6 22. g4 Bb5 23. g5+ Kxg5 24. Bxb5 Rxb5 25. Rxf7 Rbc5 26. Rg1+ Kh6 27. Rh1+ Kg5 28. Rg1+ Kh6 29. Rf6 Rxc2+ 30. Kb1 Rh2 31. Rfxg6+ Kh7 32. Rxe6 Rcc2 33. Re7+ Kh6 34. Re6+ Kh7 35. Re7+ Kh6 1/2-1/2

[Event "SVK-chT2B 1920"]
[Site "Slovakia"]
[Date "2019.12.14"]
[Round "5.3"]
[White "Nemeth, Eugen"]
[Black "Joba, Arpad"]
[Result "1-0"]
[WhiteElo "2048"]
[BlackElo "2098"]
[PlyCount "141"]
[EventDate "2019.10.26"]
[EventType "team-tourn"]
[EventRounds "11"]
[EventCountry "SVK"]
[SourceTitle "CBM 194 Extra"]
[Source "ChessBase"]
[SourceDate "2020.03.31"]
[SourceVersion "1"]
[SourceVersionDate "2020.03.31"]
[SourceQuality "1"]
[WhiteTeam "Nove Zamky"]
[BlackTeam "Komarno II"]
[WhiteTeamCountry "SVK"]
[BlackTeamCountry "SVK"]

1. c4 Nf6 2. g3 g6 3. Bg2 Bg7 4. Nc3 0-0 5. e4 e5 6. Nge2 Nc6 7. 0-0 d6 8. d3 Ne8 9. Rb1 a5 10. a3 f5 11. exf5 gxf5 12. f4 Nd4 13. b4 axb4 14. axb4 c6 15. b5 Bd7 16. Be3 Nc7 17. bxc6 Bxc6 18. Bxd4 exd4 19. Nb5 Bxg2 20. Kxg2 Ra2 21. Rf2 Ne6 22. Qb3 Ra6 23. Ng1 Qd7 24. Nf3 Rfa8 25. Re2 Nc5 26. Qd1 d5 27. cxd5 Ra2 28. Rbb2 Rxb2 29. Rxb2 Ra5 30. Nfxd4 Qxd5+ 31. Qf3 Qxf3+ 32. Kxf3 Ra4 33. Rc2 Rxd4 34. Rxc5 Rxd3+ 35. Kg2 Rd2+ 36. Kh3 Bf8 37. Rxf5 b6 38. Nc7 Re2 39. Rg5+ Kf7 40. Rf5+ Kg8 41. g4 Bc5 42. Kg3 h6 43. Nd5 Rd2 44. Nf6+ Kh8 45. Ne4 Rd3+ 46. Kh4 Bg1 47. Kh5 Kg7 48. h4 Re3 49. Nd6 Bh2 50. Rb5 Kh7 51. Rxb6 Bxf4 52. Rb7+ Kg8 53. Nf5 Re5 54. Rg7+ Kf8 55. Ra7 Kg8 56. Ra6 Kh7 57. Rf6 Ra5 58. Rf7+ Kg8 59. Kg6 Ra6+ 60. Rf6 Rxf6+ 61. Kxf6 Kh7 62. Kf7 Bc7 63. Ng7 Bd8 64. h5 Bg5 65. Ne8 Bd2 66. Nf6+ Kh8 67. Kg6 Bc1 68. Nd5 Bg5 69. Nc7 Kg8 70. Ne6 Be3 71. Ng7 1-0

[Event "SVK-chT2B 1920"]
[Site "Slovakia"]
[Date "2019.11.16"]
[Round "3.4"]
[White "Reisel, Frantisek"]
[Black "Nemeth, Eugen"]
[Result "0-1"]
[WhiteElo "1942"]
[BlackElo "2024"]
[PlyCount "24"]
[EventDate "2019.10.26"]
[EventType "team-tourn"]
[EventRounds "11"]
[EventCountry "SVK"]
[SourceTitle "CBM 193 Extra"]
[Source "ChessBase"]
[SourceDate "2020.01.31"]
[SourceVersion "1"]
[SourceVersionDate "2020.01.31"]
[SourceQuality "1"]
[WhiteTeam "Prievidza"]
[BlackTeam "Nove Zamky"]
[WhiteTeamCountry "SVK"]
[BlackTeamCountry "SVK"]

1. d4 g6 2. Nf3 Bg7 3. g3 Nf6 4. Bg2 0-0 5. 0-0 d5 6. Nbd2 b6 7. c3 Bb7 8. Ne5 Nfd7 9. Nxd7 Qxd7 10. e4 e5 11. dxe5 Bxe5 12. Nc4 dxc4 0-1

[Event "SVK-chT2B 1920"]
[Site "Slovakia"]
[Date "2019.10.27"]
[Round "2.2"]
[White "Kvassay, Peter"]
[Black "Nemeth, Eugen"]
[Result "1/2-1/2"]
[WhiteElo "2009"]
[BlackElo "1993"]
[PlyCount "49"]
[EventDate "2019.10.26"]
[EventType "team-tourn"]
[EventRounds "11"]
[EventCountry "SVK"]
[SourceTitle "CBM 193 Extra"]
[Source "ChessBase"]
[SourceDate "2020.01.31"]
[SourceVersion "1"]
[SourceVersionDate "2020.01.31"]
[SourceQuality "1"]
[WhiteTeam "Povazska Bystrica II"]
[BlackTeam "Nove Zamky"]
[WhiteTeamCountry "SVK"]
[BlackTeamCountry "SVK"]

1. d4 g6 2. Nf3 Bg7 3. e4 d6 4. Nc3 a6 5. a4 b6 6. Bc4 e6 7. Bg5 Ne7 8. Qd2 h6 9. Bf4 Bb7 10. 0-0 Nd7 11. Be3 Nf6 12. e5 Nfd5 13. Bd3 Nxe3 14. Qxe3 Nd5 15. Nxd5 Bxd5 16. Be4 Bxe4 17. Qxe4 0-0 18. c4 g5 19. Rfd1 f5 20. Qc6 g4 21. Ne1 Qe7 22. f4 gxf3 23. Nxf3 Kh7 24. Re1 Rae8 25. a5 1/2-1/2

[Event "SVK-chT2B 1819"]
[Site "Slovakia"]
[Date "2019.04.07"]
[Round "11.1"]
[White "Nemeth, Eugen"]
[Black "Zatko, Gregor"]
[Result "0-1"]
[WhiteElo "1967"]
[BlackElo "2145"]
[PlyCount "86"]
[EventDate "2018.10.13"]
[EventType "team-tourn"]
[EventRounds "11"]
[EventCountry "SVK"]
[SourceTitle "EXT 2020"]
[Source "ChessBase"]
[SourceDate "2019.10.17"]
[SourceVersion "1"]
[SourceVersionDate "2019.10.17"]
[SourceQuality "1"]
[WhiteTeam "Nove Zamky"]
[BlackTeam "Levice"]
[WhiteTeamCountry "SVK"]
[BlackTeamCountry "SVK"]

1. Nf3 c5 2. c4 Nf6 3. g3 b6 4. Bg2 Bb7 5. 0-0 e6 6. b3 Be7 7. Bb2 0-0 8. Nc3 d6 9. d4 cxd4 10. Nxd4 Bxg2 11. Kxg2 a6 12. e4 Qc7 13. Qe2 Nc6 14. Nc2 Qb7 15. Rad1 Rab8 16. a4 Na5 17. b4 Nc6 18. f3 Rbc8 19. b5 Ne5 20. Ne3 a5 21. Ba3 Rfd8 22. Kg1 Qc7 23. Rd4 Ned7 24. f4 Nc5 25. f5 Qb7 26. Ng4 Nxg4 27. Qxg4 Bf6 28. Bxc5 Rxc5 29. e5 exf5 30. Rxf5 Bxe5 31. Nd5 Bxd4+ 32. Qxd4 f6 33. Rh5 Qf7 34. Qg4 Re8 35. Rf5 Re1+ 36. Kg2 Kh8 37. Nxb6 h5 38. Qf3 Qe8 39. Rxc5 dxc5 40. Nd5 Re2+ 41. Kg1 Qe5 42. Kf1 Rxh2 43. Nc3 Rc2 0-1

[Event "SVK-chT2B 1819"]
[Site "Slovakia"]
[Date "2019.04.06"]
[Round "10.2"]
[White "Nemeth, Eugen"]
[Black "Beres, Dominik"]
[Result "1/2-1/2"]
[WhiteElo "1967"]
[BlackElo "1995"]
[PlyCount "112"]
[EventDate "2018.10.13"]
[EventType "team-tourn"]
[EventRounds "11"]
[EventCountry "SVK"]
[SourceTitle "EXT 2020"]
[Source "ChessBase"]
[SourceDate "2019.10.17"]
[SourceVersion "1"]
[SourceVersionDate "2019.10.17"]
[SourceQuality "1"]
[WhiteTeam "Nove Zamky"]
[BlackTeam "Tlmace"]
[WhiteTeamCountry "SVK"]
[BlackTeamCountry "SVK"]

1. c4 Nf6 2. g3 g6 3. Bg2 Bg7 4. Nc3 d6 5. e4 Nbd7 6. Nge2 e5 7. 0-0 0-0 8. d3 c6 9. h3 Qc7 10. Be3 Ne8 11. Qd2 Nc5 12. b4 Ne6 13. Kh2 Nd4 14. Rae1 f5 15. f4 Be6 16. fxe5 dxe5 17. Bg5 f4 18. Nxd4 fxg3+ 19. Kh1 exd4 20. Rxf8+ Bxf8 21. Ne2 Qd7 22. Rf1 Ng7 23. Nxg3 Bxh3 24. Qf4 Bxg2+ 25. Kxg2 Bd6 26. e5 Rf8 27. Qxd4 Rxf1 28. Kxf1 Qh3+ 29. Kf2 Nf5 30. Nxf5 Qxf5+ 31. Bf4 Bxb4 32. Ke3 Qh3+ 33. Kf2 Be7 34. Bg3 Qf5+ 35. Ke2 b6 36. a4 h5 37. Qe3 h4 38. Bh2 g5 39. Qf3 Qe6 40. Qh5 Kg7 41. Qf3 g4 42. Qf4 Qg6 43. Bg1 g3 44. Kf3 Qxd3+ 45. Kg2 Qe2+ 46. Kh3 Kg6 47. c5 bxc5 48. Bxc5 Bg5 49. Qf8 Qxe5 50. Qg8+ Kf5 51. Bxa7 Be3 52. Qh7+ Ke6 53. Bxe3 Kd5 54. Qd3+ Ke6 55. Qc4+ Kd7 56. Qg4+ Ke8 1/2-1/2

[Event "SVK-chT2B 1819"]
[Site "Slovakia"]
[Date "2019.03.02"]
[Round "8.2"]
[White "Pytlik, Pavol"]
[Black "Nemeth, Eugen"]
[Result "1/2-1/2"]
[WhiteElo "2059"]
[BlackElo "1971"]
[PlyCount "30"]
[EventDate "2018.10.13"]
[EventType "team-tourn"]
[EventRounds "11"]
[EventCountry "SVK"]
[SourceTitle "CBM 189 Extra"]
[Source "ChessBase"]
[SourceDate "2019.06.03"]
[SourceVersion "1"]
[SourceVersionDate "2019.06.03"]
[SourceQuality "1"]
[WhiteTeam "Trencin"]
[BlackTeam "Nove Zamky"]
[WhiteTeamCountry "SVK"]
[BlackTeamCountry "SVK"]

1. e4 d6 2. Nc3 g6 3. d4 Nf6 4. Be3 Bg7 5. Qd2 c6 6. 0-0-0 Qc7 7. f3 Nbd7 8. Bh6 Bxh6 9. Qxh6 b5 10. Bd3 Bb7 11. Nge2 0-0-0 12. Rhe1 Kb8 13. Kb1 a6 14. Nc1 c5 15. dxc5 Nxc5 1/2-1/2

[Event "SVK-chT2B 1819"]
[Site "Slovakia"]
[Date "2019.02.03"]
[Round "7.1"]
[White "Berek, Geza"]
[Black "Nemeth, Eugen"]
[Result "1/2-1/2"]
[WhiteElo "2178"]
[BlackElo "1971"]
[PlyCount "117"]
[EventDate "2018.10.13"]
[EventType "team-tourn"]
[EventRounds "11"]
[EventCountry "SVK"]
[SourceTitle "CBM 189 Extra"]
[Source "ChessBase"]
[SourceDate "2019.06.03"]
[SourceVersion "1"]
[SourceVersionDate "2019.06.03"]
[SourceQuality "1"]
[WhiteTeam "Batorove Kosihy II"]
[BlackTeam "Nove Zamky"]
[WhiteTeamCountry "SVK"]
[BlackTeamCountry "SVK"]

1. e4 d6 2. d4 Nf6 3. Nc3 g6 4. g3 Bg7 5. Bg2 0-0 6. h3 c6 7. a4 Nbd7 8. Nge2 Qc7 9. 0-0 b6 10. Be3 Bb7 11. g4 e5 12. Ng3 d5 13. f4 dxe4 14. dxe5 Nd5 15. Bd2 f5 16. exf6 N7xf6 17. g5 Nxc3 18. Bxc3 Nd5 19. Qe1 Nxf4 20. Nxe4 Nxg2 21. Kxg2 c5 22. Bxg7 Qxg7 23. Kh2 Rxf1 24. Qxf1 Qe5+ 25. Ng3 Rf8 26. Qg1 Qxb2 27. Re1 Qxc2+ 28. Re2 Qd3 29. Qe1 Qf3 30. Qd2 Ba6 31. Qa2+ Qf7 32. Qxf7+ Kxf7 33. Rd2 Re8 34. Kg2 Bc4 35. Kf3 Ba6 36. Ne4 Ke7 37. Nf6 Rd8 38. Rxd8 Kxd8 39. Nxh7 Bb7+ 40. Ke3 Bc6 41. Nf8 Be8 42. a5 Ke7 43. axb6 axb6 44. Nh7 Ke6 45. Nf6 Bc6 46. h4 Kf5 47. Kd3 b5 48. Kc3 Bf3 49. Nd7 Kg4 50. Ne5+ Kxh4 51. Nxf3+ Kg4 52. Nd2 Kf4 53. Nb3 c4 54. Nd4 Kxg5 55. Nxb5 Kf4 56. Nd4 Ke4 57. Ne6 Kf5 58. Nd4+ Ke4 59. Ne6 1/2-1/2

[Event "SVK-chT2B 1819"]
[Site "Slovakia"]
[Date "2018.12.15"]
[Round "5.3"]
[White "Nemeth, Eugen"]
[Black "Laho, Maros"]
[Result "1/2-1/2"]
[WhiteElo "1971"]
[BlackElo "2017"]
[PlyCount "54"]
[EventDate "2018.10.13"]
[EventType "team-tourn"]
[EventRounds "11"]
[EventCountry "SVK"]
[SourceTitle "CBM 189 Extra"]
[Source "ChessBase"]
[SourceDate "2019.06.03"]
[SourceVersion "1"]
[SourceVersionDate "2019.06.03"]
[SourceQuality "1"]
[WhiteTeam "Nove Zamky"]
[BlackTeam "Surany"]
[WhiteTeamCountry "SVK"]
[BlackTeamCountry "SVK"]

1. c4 Nf6 2. g3 Nc6 3. Bg2 e5 4. Nc3 Bc5 5. d3 0-0 6. e3 d6 7. Nge2 Re8 8. 0-0 a6 9. a3 Ba7 10. b4 Ne7 11. d4 exd4 12. exd4 h6 13. h3 Rb8 14. g4 Be6 15. d5 Bd7 16. Kh1 Qc8 17. Be3 Bxe3 18. fxe3 Nh7 19. Nf4 Qd8 20. Qf3 Rf8 21. e4 Ng6 22. Qg3 Qg5 23. Nce2 Rbe8 24. Nd4 Qe5 25. Nfe2 Ng5 26. Qxe5 Rxe5 27. Ng3 Rfe8 1/2-1/2

[Event "SVK-chT2B 1819"]
[Site "Slovakia"]
[Date "2018.11.17"]
[Round "3.1"]
[White "Obona, Jan"]
[Black "Nemeth, Eugen"]
[Result "1-0"]
[WhiteElo "2209"]
[BlackElo "1978"]
[PlyCount "41"]
[EventDate "2018.10.13"]
[EventType "team-tourn"]
[EventRounds "11"]
[EventCountry "SVK"]
[SourceTitle "CBM 187 Extra"]
[Source "ChessBase"]
[SourceDate "2018.11.04"]
[SourceVersion "1"]
[SourceVersionDate "2018.11.04"]
[SourceQuality "1"]
[WhiteTeam "Povazska Bystrica"]
[BlackTeam "Nove Zamky"]
[WhiteTeamCountry "SVK"]
[BlackTeamCountry "SVK"]

1. Nf3 g6 2. c4 Nf6 3. g3 Bg7 4. Bg2 0-0 5. 0-0 d5 6. cxd5 Nxd5 7. Nc3 Nxc3 8. bxc3 c5 9. d4 Nc6 10. e3 Qc7 11. Ba3 b6 12. Qe2 Na5 13. dxc5 bxc5 14. Qb5 Bxc3 15. Rac1 Bd7 16. Qd3 Bf6 17. Rxc5 Nc6 18. Nd4 Bxd4 19. exd4 Rfd8 20. Qc3 Rac8 21. d5 1-0

[Event "SVK-chT2B 1718"]
[Site "Slovakia"]
[Date "2018.02.04"]
[Round "7.1"]
[White "Pacher, Milan"]
[Black "Nemeth, Eugen"]
[Result "1-0"]
[WhiteElo "2441"]
[BlackElo "2021"]
[PlyCount "61"]
[EventDate "2017.10.28"]
[EventType "team-tourn"]
[EventRounds "11"]
[EventCountry "SVK"]
[SourceTitle "EXT 2019"]
[Source "ChessBase"]
[SourceDate "2018.10.10"]
[SourceVersion "1"]
[SourceVersionDate "2018.10.10"]
[SourceQuality "1"]
[WhiteTeam "Topolcany"]
[BlackTeam "Nove Zamky"]
[WhiteTeamCountry "SVK"]
[BlackTeamCountry "SVK"]

1. d4 Nf6 2. c4 g6 3. f3 d6 4. e4 Bg7 5. Nc3 0-0 6. Be3 Nc6 7. Nge2 a6 8. Qd2 Rb8 9. Rc1 e5 10. d5 Ne7 11. g4 Ne8 12. h4 f5 13. g5 b5 14. c5 dxc5 15. Bxc5 Nd6 16. Bg2 fxe4 17. fxe4 Nc4 18. Qc2 h5 19. b3 Nd6 20. Nd1 Bg4 21. Nf2 Qd7 22. 0-0 Rbc8 23. Nd3 Rxf1+ 24. Rxf1 Rf8 25. Rxf8+ Bxf8 26. Nxe5 Qc8 27. Nf4 Kh7 28. Nxg4 hxg4 29. Ne6 Bg7 30. Nxg7 Kxg7 31. Qc3+ 1-0

[Event "SVK-chT2B 1718"]
[Site "Slovakia"]
[Date "2017.11.25"]
[Round "3.4"]
[White "Chrenko, Kristian"]
[Black "Nemeth, Eugen"]
[Result "1-0"]
[WhiteElo "1970"]
[BlackElo "2021"]
[PlyCount "111"]
[EventDate "2017.10.28"]
[EventType "team-tourn"]
[EventRounds "11"]
[EventCountry "SVK"]
[SourceTitle "CBM 181 Extra"]
[Source "ChessBase"]
[SourceDate "2017.12.12"]
[SourceVersion "1"]
[SourceVersionDate "2017.12.12"]
[SourceQuality "1"]
[WhiteTeam "Tlmace"]
[BlackTeam "Nove Zamky"]
[WhiteTeamCountry "SVK"]
[BlackTeamCountry "SVK"]

1. d4 g6 2. Bf4 Bg7 3. e3 d6 4. Nf3 Nf6 5. h3 0-0 6. Be2 c5 7. c3 Qb6 8. Qb3 Be6 9. Qa3 Nbd7 10. 0-0 Ne4 11. Nbd2 Ndf6 12. Rfe1 Rfc8 13. Nxe4 Nxe4 14. Ng5 Nxg5 15. Bxg5 Kf8 16. Bf3 f6 17. Bf4 Kf7 18. d5 Bd7 19. Qb3 Qxb3 20. axb3 h5 21. h4 Rh8 22. e4 a6 23. Be2 Rag8 24. Rad1 g5 25. hxg5 h4 26. gxf6 Bxf6 27. Bf3 Bg4 28. Rd3 h3 29. g3 Rh5 30. Kh2 Ke8 31. Bxg4 Rxg4 32. f3 Rg8 33. g4 Rh7 34. e5 dxe5 35. Bxe5 Bxe5+ 36. Rxe5 Kd7 37. Rde3 Rg6 38. Re6 Rg8 39. Re1 Rf8 40. R6e3 Kd6 41. c4 Rf4 42. Kg3 Rd4 43. Rh1 b5 44. Rc3 b4 45. Re3 h2 46. Rxh2 Rxh2 47. Kxh2 Rd2+ 48. Kh3 Rxb2 49. g5 Rb1 50. f4 a5 51. g6 a4 52. g7 a3 53. g8Q Rh1+ 54. Kg2 a2 55. Qe6+ Kc7 56. Qxe7+ 1-0

[Event "SVK-chT2B 1617"]
[Site "Slovakia"]
[Date "2016.12.04"]
[Round "6.5"]
[White "Nemeth, Eugen"]
[Black "Kukel, Imre1111"]
[Result "0-1"]
[WhiteElo "1985"]
[BlackElo "2256"]
[PlyCount "82"]
[EventDate "2016.10.08"]
[EventType "team-tourn"]
[EventRounds "11"]
[EventCountry "SVK"]
[SourceTitle "EXT 2018"]
[Source "ChessBase"]
[SourceDate "2017.10.13"]
[SourceVersion "1"]
[SourceVersionDate "2017.10.13"]
[SourceQuality "1"]
[WhiteTeam "Nove Zamky"]
[BlackTeam "Komarno"]
[WhiteTeamCountry "SVK"]
[BlackTeamCountry "SVK"]

1. d4 Nf6 2. Nf3 g6 3. g3 Bg7 4. Bg2 0-0 5. 0-0 d6 6. c4 Nc6 7. Nc3 a6 8. h3 Rb8 9. d5 Na5 10. Nd2 c5 11. Qc2 b5 12. Qd3 Bd7 13. Rb1 bxc4 14. Nxc4 Rb4 15. b3 Nxc4 16. bxc4 Rxb1 17. Qxb1 Qc7 18. Qc2 Rb8 19. Qd3 Rb4 20. Bd2 Bc8 21. Rb1 Nd7 22. a3 Ne5 23. axb4 Nxd3 24. exd3 cxb4 25. Rxb4 Bd4 26. Ne4 f6 27. Kf1 Bd7 28. Bf4 a5 29. Rb1 a4 30. c5 Bxc5 31. Rc1 Qa7 32. Nxc5 dxc5 33. Be3 a3 34. Bxc5 Qa6 35. Ke2 a2 36. Bd4 Bf5 37. Rd1 Qa4 38. Ba1 Qc2+ 39. Rd2 Qb1 40. Rd1 Bxd3+ 41. Ke1 Bc2 0-1

[Event "SVK-chT2B 1617"]
[Site "Slovakia"]
[Date "2016.12.03"]
[Round "5.5"]
[White "Nemeth, Eugen"]
[Black "Dvoranova, Maria"]
[Result "1-0"]
[WhiteElo "1985"]
[BlackElo "1900"]
[PlyCount "49"]
[EventDate "2016.10.08"]
[EventType "team-tourn"]
[EventRounds "11"]
[EventCountry "SVK"]
[SourceTitle "EXT 2018"]
[Source "ChessBase"]
[SourceDate "2017.10.13"]
[SourceVersion "1"]
[SourceVersionDate "2017.10.13"]
[SourceQuality "1"]
[WhiteTeam "Nove Zamky"]
[BlackTeam "Surany Lokomotiva"]
[WhiteTeamCountry "SVK"]
[BlackTeamCountry "SVK"]

1. c4 Nf6 2. g3 e6 3. Bg2 d5 4. Nf3 c5 5. 0-0 Nc6 6. d4 b6 7. Nc3 Bb7 8. cxd5 Nxd5 9. e4 Nxc3 10. bxc3 Be7 11. Be3 cxd4 12. cxd4 0-0 13. Qd2 Ba6 14. Rfc1 Na5 15. Ne5 Ba3 16. Rd1 Rc8 17. d5 exd5 18. exd5 Bb5 19. Qd4 Rc2 20. Be4 Rc8 21. Bf5 Rb8 22. Qg4 Qe7 23. Bd4 f6 24. Be6+ Kh8 25. Ng6+ 1-0

[Event "SVK-chT2B 1112"]
[Site "Slovakia"]
[Date "2012.01.28"]
[Round "8.5"]
[White "Pindes, Robert"]
[Black "Nemeth, Eugen"]
[Result "1-0"]
[WhiteElo "2027"]
[BlackElo "1991"]
[PlyCount "75"]
[EventDate "2011.10.08"]
[EventType "team-tourn"]
[EventRounds "11"]
[EventCountry "SVK"]
[SourceTitle "EXT 2013"]
[Source "ChessBase"]
[SourceDate "2012.11.22"]
[SourceVersion "1"]
[SourceVersionDate "2012.11.22"]
[SourceQuality "1"]
[WhiteTeam "Nitra NSK"]
[BlackTeam "Nove Zamky Basta"]
[WhiteTeamCountry "SVK"]
[BlackTeamCountry "SVK"]

1. Nf3 c5 2. c4 Nf6 3. d4 cxd4 4. Nxd4 b6 5. Nc3 Bb7 6. f3 g6 7. e4 d6 8. Be3 Bg7 9. Be2 0-0 10. Qd2 Nbd7 11. 0-0-0 Ne5 12. Ndb5 Qc8 13. Na3 h5 14. Kb1 Rd8 15. Rc1 Qd7 16. h3 Rac8 17. g4 hxg4 18. hxg4 Nexg4 19. fxg4 Nxe4 20. Nxe4 Bxe4+ 21. Ka1 Bxh1 22. Rxh1 Qe6 23. Bf3 Qe5 24. Bf4 Qa5 25. Qe3 Qc5 26. Qd3 Qb4 27. Bc1 b5 28. Bd5 e6 29. Bxe6 fxe6 30. Qxg6 Rc7 31. Qxe6+ Rf7 32. Rf1 Rdf8 33. Nxb5 Qc5 34. Rxf7 Rxf7 35. Nxd6 Qf2 36. Qxf7+ Qxf7 37. Nxf7 Kxf7 38. Kb1 1-0

[Event "SVK-chT2B 1112"]
[Site "Slovakia"]
[Date "2011.12.03"]
[Round "5.4"]
[White "Nemeth, Eugen"]
[Black "Molnar, Erno"]
[Result "1-0"]
[WhiteElo "1991"]
[BlackElo "1857"]
[PlyCount "95"]
[EventDate "2011.10.08"]
[EventType "team-tourn"]
[EventRounds "11"]
[EventCountry "SVK"]
[SourceTitle "EXT 2013"]
[Source "ChessBase"]
[SourceDate "2012.11.22"]
[SourceVersion "1"]
[SourceVersionDate "2012.11.22"]
[SourceQuality "1"]
[WhiteTeam "Nove Zamky Basta"]
[BlackTeam "Komarno KSC II"]
[WhiteTeamCountry "SVK"]
[BlackTeamCountry "SVK"]

1. e4 c5 2. d4 cxd4 3. c3 dxc3 4. Nxc3 Nc6 5. Nf3 e6 6. Bc4 Bb4 7. 0-0 Nge7 8. Nb5 a6 9. Nd6+ Bxd6 10. Qxd6 0-0 11. Bg5 Re8 12. Rfd1 f6 13. Be3 Ng6 14. Rac1 b5 15. Bb3 Qe7 16. Qc7 Nge5 17. Nxe5 Nxe5 18. f4 Ng4 19. Bc5 Qf7 20. h3 Nh6 21. f5 Kh8 22. Be3 Qh5 23. fxe6 dxe6 24. Qc6 Rb8 25. Ba7 Rb7 26. Qxc8 Rxc8 27. Rxc8+ Ng8 28. Rdd8 h6 29. Rxg8+ Kh7 30. Bf2 Qe2 31. Bg3 e5 32. Rgd8 Qxb2 33. Bd1 Qxa2 34. Bh5 g6 35. Bg4 h5 36. Bd7 Qf7 37. Rh8+ Kg7 38. Bc6 Rc7 39. Bd5 Rxc8 40. Rxc8 Qd7 41. Ra8 Qd6 42. Bf2 f5 43. Ra7+ Kh6 44. Be3+ f4 45. Bf2 Kg5 46. Rb7 h4 47. Rh7 f3 48. Be3+ 1-0

[Event "SVK-chT2B 10/11"]
[Site "Slovakia"]
[Date "2011.03.27"]
[Round "11.1"]
[White "Szocs, Ladislav"]
[Black "Nemeth, Eugen"]
[Result "1/2-1/2"]
[WhiteElo "1951"]
[BlackElo "1960"]
[PlyCount "156"]
[EventDate "2010.10.23"]
[EventType "team-tourn"]
[EventRounds "11"]
[EventCountry "SVK"]
[SourceTitle "EXT 2019"]
[Source "ChessBase"]
[SourceDate "2018.10.10"]
[SourceVersion "1"]
[SourceVersionDate "2018.10.10"]
[SourceQuality "1"]
[WhiteTeam "Sala Slovan Duslo"]
[BlackTeam "Nove Zamky Basta II"]
[WhiteTeamCountry "SVK"]
[BlackTeamCountry "SVK"]

1. e4 c5 2. d4 cxd4 3. c3 Nf6 4. e5 Nd5 5. cxd4 Nc6 6. Nf3 d6 7. Be2 g6 8. 0-0 Bg7 9. Nc3 dxe5 10. dxe5 Nxc3 11. Qxd8+ Kxd8 12. bxc3 Nxe5 13. Nxe5 Bxe5 14. Rd1+ Kc7 15. Be3 Be6 16. f4 Bf6 17. f5 Bxf5 18. Rd5 b6 19. Bf4+ e5 20. Rxe5 Bxe5 21. Bxe5+ Kd7 22. Bb5+ Ke7 23. Bxh8 Rxh8 24. a4 Rc8 25. a5 Rxc3 26. axb6 axb6 27. Ra7+ Kf8 28. Rb7 Rc1+ 29. Kf2 Be4 30. Rxb6 Rb1 31. Rb8+ Kg7 32. Re8 Bxg2 33. Kxg2 Rxb5 34. Re7 Kf6 35. Rc7 Rg5+ 36. Kf3 h5 37. Ra7 Rf5+ 38. Kg3 Kg5 39. h4+ Kf6 40. Ra6+ Kg7 41. Ra7 Rb5 42. Kg2 Kf6 43. Kg3 Ke6 44. Ra6+ Ke5 45. Ra7 Rb3+ 46. Kg2 Kf6 47. Ra6+ Kg7 48. Ra7 Rb4 49. Kg3 Rb3+ 50. Kg2 Rb8 51. Kg3 Rf8 52. Kf4 Kh6 53. Rb7 f5 54. Ra7 Re8 55. Rf7 Re4+ 56. Kg3 Rg4+ 57. Kh3 f4 58. Ra7 Rg3+ 59. Kh2 g5 60. Ra6+ Kg7 61. Ra7+ Kf6 62. Ra6+ Kf5 63. Ra5+ Ke4 64. hxg5 h4 65. Rb5 f3 66. Rb4+ Ke3 67. Rb3+ Kf4 68. Rb4+ Kxg5 69. Rb5+ Kh6 70. Rf5 Kg6 71. Rf4 Kg5 72. Rb4 Rg2+ 73. Kh3 Rg1 74. Rb5+ Kh6 75. Rf5 Rh1+ 76. Kg4 h3 77. Rxf3 h2 78. Kg3 Kg5 1/2-1/2